La política ambiental en América Latina y el Caribe /

Este trabajo evalúa los determinantes para que países de la región adopten políticas ambientales activas. Se toman como referencia dos indicadores de política ambiental internacional: el número de tratados internacionales ratificados referidos al tema, y el cumplimiento con los programas sugeridos p...

وصف كامل

محفوظ في:
التفاصيل البيبلوغرافية
المؤلف الرئيسي: Conte Grand, Vanesa
مؤلفون آخرون: Elia, Vanesa D"
التنسيق: نص
الموضوعات:
الوسوم: إضافة وسم
لا توجد وسوم, كن أول من يضع وسما على هذه التسجيلة!

MARC

LEADER 00000 a a2200000 04500
001 42503
003
040
100 |a Conte Grand, Vanesa  
245 |a La política ambiental en América Latina y el Caribe /  |c Vanesa Conte Grand; Vanesa D" Elia  
520 |a Este trabajo evalúa los determinantes para que países de la región adopten políticas ambientales activas. Se toman como referencia dos indicadores de política ambiental internacional: el número de tratados internacionales ratificados referidos al tema, y el cumplimiento con los programas sugeridos por la Agenda 21.  
650 |a POLITICA AMBIENTAL  
650 |a DESARROLLO SOSTENIBLE  
650 |a ACUERDOS INTERNACIONALES  
650 |a AMERICA LATINA  
650 |a CARIBE  
700 |a Elia, Vanesa D" 
773 |g volumen39, número154 ( , 2008), páginas 111-134  
999 |c 28695  |d 28695